Responsabilidad extracontractual del Estado (Registro nro. 37168)

Detalles MARC
000 -ENCABEZADO
Número de control [NR] 01003nam a2200277Ia 4500
005 - FECHA Y HORA DE LA ÚLTIMA TRANSACCIÓN
control field 20190903100655.0
008 - DE LONGITUD FIJA DE DATOS DE ELEMENTOS - INFORMACIÓN GENERAL
Elementos de longitud fija [NR] 130821s2017 ck gr spa
020 ## - NUMERO INTERNACIONAL NORMALIZADO PARA LIBROS [R]
Número Internacional Normalizado del libro [NR] 9789583511431 (7a.Ed.)
020 ## - NUMERO INTERNACIONAL NORMALIZADO PARA LIBROS [R]
Número Internacional Normalizado del libro [NR] 9789583509490 (6a.Ed.)
020 ## - NUMERO INTERNACIONAL NORMALIZADO PARA LIBROS [R]
Número Internacional Normalizado del libro [NR] 9789583508417 (5a.Ed.)
040 ## - FUENTE DE CATALOGACION [NR]
Agencia de catalogación original [NR] Co-BoUCM
Idioma de catalogación [NR] spa
Quien Cataloga Saul Niño (Modificó)
Quien Clasifica [Nuevo]
041 00 - CODIGO DE IDIOMA [R]
Código de idioma para texto/pista de sonido o título separado [R] Español
100 1# - ASIENTO PRINCIPAL--NOMBRE PERSONAL [NR]
Nombre personal [NR] Gil Botero, Enrique
ID Autoridad 39596
245 10 - MENCION DE TITULO [NR]
Título [NR] Responsabilidad extracontractual del Estado
Mención de responsabilidad, etc. [NR] Enrique Gil Botero
250 ## - MENCION DE EDICION [NR]
Mención de edición [NR] Séptima edición
260 ## - PUBLICACION, DISTRIBUCION, ETC. (PIE DE IMPRENTA) [R]
Lugar de publicación, distribución, etc. [R] Bogotá (Colombia)
Nombre del editor, distribuidor, etc. [R] Temis
Fecha de publicación, distribución, etc. [R] 2017
300 ## - DESCRIPCION FISICA [R]
Extensión [R] xxv, 886 páginas
504 ## - NOTA DE BIBLIOGRAFIA, ETC. [R]
Nota de bibliografía, etc. [NR] Incluye referencias bibliográficas e índices
650 17 - ASIENTO SECUNDARIO DE MATERIA - TERMINO TEMATICO [R]
Término temático o nombre geográfico como elemento de entrada [NR] Derecho administrativo
9 (RLIN) 12695
Subdivisión general [R] Contratos
650 27 - ASIENTO SECUNDARIO DE MATERIA - TERMINO TEMATICO [R]
Término temático o nombre geográfico como elemento de entrada [NR] Responsabilidad administrativa
9 (RLIN) 23667
650 27 - ASIENTO SECUNDARIO DE MATERIA - TERMINO TEMATICO [R]
Término temático o nombre geográfico como elemento de entrada [NR] Responsabilidad extracontractual
9 (RLIN) 23678
650 27 - ASIENTO SECUNDARIO DE MATERIA - TERMINO TEMATICO [R]
9 (RLIN) 23675
Término temático o nombre geográfico como elemento de entrada [NR] Responsabilidad del Estado
690 ## - ASUNTO AGREGADO LOCAL DE ENTRADA - TÉRMINO TEMÁTICO (OCLC, RLIN)
Acceso temático local Derecho administrativo
9 (RLIN) 12695
942 ## - ELEMENTOS DE ENTRADA AGREGADOS (KOHA)
Tipo de ítem principal el descrito en 300a Libro
Tema principal Derecho
Edición 7
Parte restante de la signatura top. G463r
Sistema de clasificación DEWEY
Clasificación 342.088
Existencias
Fecha de último préstamo Total préstamos Total Renewals Signatura topográfica Código de barras Última vez visto Volúmen / Fascículo Ejemplar Price effective from Tipo de ítem Perdido Sistema de clasificación Dañado No prestable Tipo de ítem específico Suprimido Ubicación habitual Ubicación actual Localización Fecha de creación Forma de adquisición Costo Costo de reposición Proveedor
03/05/2023 65 37 342.088 G463r 100119517 12/06/2026 5a. Ed. Ej.1 03/02/2013 Libro   DEWEY     Libro   Claustro Claustro 3er piso 28/02/2012 Compra 118000.00    
04/12/2024 29 15 342.088 G463r 100151080 12/06/2026 6a.Ed. Ej.1 10/10/2016 Libro   DEWEY     Libro   Claustro Claustro 3er piso 10/10/2016 Compra 119000.00 119000.00 9
23/04/2026 18 12 342.088 G463r 100163552 14/05/2026 7a.Ed. Ej.1 02/09/2019 Libro   DEWEY     Libro   Claustro Claustro 3er piso 02/09/2019 Compra 145200.00 145200.00 9
31/01/2026 17 17 342.088 G463r 100163553 27/03/2026 7a.Ed. Ej.2 02/09/2019 Libro   DEWEY     Libro   Claustro Claustro 3er piso 02/09/2019 Compra 145200.00 145200.00 9